30 Największych miast w USA - Statystyki

Ogólne statystyki
  • Ten quiz został rozwiązany 126 razy
  • Średni wynik to 19 z 30
Statystyki odpowiedzi
Stan Miasto % Poprawnych
Nowy Jork Nowy Jork
98%
Ilinois Chicago
95%
Kalifornia Los Angeles
95%
Dystrykt Kolumbii Waszyngton
91%
Kalifornia San Francisco
87%
Teksas Dallas
86%
Teksas Houston
84%
Waszyngton Seattle
83%
Massachusetts Boston
81%
Michigan Detroit
79%
Kolorado Denver
73%
Pensylwania Filadelfia
73%
Arizona Phoenix
72%
Indiana Indianapolis
70%
Teksas San Antonio
68%
Teksas Austin
64%
Kalifornia San Diego
64%
Oklahoma Oklahoma City
63%
Oregon Portland
62%
Kalifornia San Jose
56%
Karolina Północna Charlotte
45%
Floryda Jacksonville
43%
Ohio Columbus
41%
Tennessee Nashville
37%
Teksas Fort Worth
34%
Wisconsin Milwaukee
31%
Tennessee Memphis
30%
Teksas El Paso
23%
Kentucky Louisville
22%
Maryland Baltimore
10%
Nie znaleziono quizów pasujących do podanych kryteriów
Rozkład punktacji
Procent ludzi z każdym wynikiem
Percentyl według liczby udzielonych odpowiedzi
Twoja historia wyników
Nie rozwiązałeś tego quizu